000 01443cam a2200373 a 4500
001 13307223
003 OSt
005 20260616161416.0
008 030811s2003 ilu b 001 0 eng
010 _a 2003017935
020 _a1581344872
_qpbk.
020 _a9781581344875
_q(pbk.)
035 _a13307223
040 _aDLC
_cDLC
_dDLC
050 0 0 _aBT1103
_b.C73 2003
082 0 0 _a239
_222
100 1 _aCraig, William Lane.
245 1 0 _aHard questions, real answers /
_cWilliam Lane Craig.
260 _aWheaton, Ill. :
_bCrossway Books,
_cc2003.
300 _a172 p. ;
_c22 cm.
336 _atext
_btxt
_2rdacontent
337 _aunmediated
_bn
_2rdamedia
338 _avolume
_bnc
_2rdacarrier
500 _a"Portions of the introduction, chapters 1-5, and chapter 8 were previously published as No easy answers, Chicago : Moody, 1990"--T.p. verso.
504 _aIncludes bibliographical references and indexes.
583 _aCataloguing:
_c20260616
_kgtanuigtanui
650 0 _aApologetics.
700 1 _aCraig, William Lane.
_tNo easy answers.
856 4 1 _3Table of contents
_uhttp://www.loc.gov/catdir/toc/ecip047/2003017935.html
906 _a7
_bcbc
_corignew
_d1
_eecip
_f20
_gy-gencatlg
942 _2lcc
_cBK
999 _c21694
_d21693